|
|
|
|
| LEADER |
00000nam a22000007a 4500 |
| 005 |
2019092402442.0 |
| 007 |
cr|||| |||| |
| 008 |
190924c20169999mx mr|w s|||| 0|||b1spa d |
| 035 |
|
|
|a 22487
|
| 040 |
|
|
|a vLex
|
| 090 |
|
|
|c 9635
|d 9635
|
| 245 |
0 |
0 |
|a Iter Criminis
|h [Recurso electrn̤ico] :
|b Revista de ciencias penales
|
| 256 |
|
|
|a Servicio en ln̕ea
|
| 260 |
|
|
|a Ciudad de Mx̌ico:
|b Instituto de ciencias penales de Mx̌ico (INACIPE),
|c 2016
|
| 300 |
|
|
|a 1 recurso electrn̤ico
|
| 310 |
|
|
|a Mensual
|
| 506 |
1 |
|
|a Disponible solo en los productos indicados
|d vLex Global
|d vLex Global (Academic Edition, excluding Law Schools)
|d vLex Global (U.S. Academic Edition, Law Schools)
|d vLex Global (U.S. Academic Edition, excluding Law Schools)
|d vLex Global (Academic Edition, Law Schools)
|
| 650 |
0 |
4 |
|a Derecho Penal
|z Mx̌ico
|
| 740 |
0 |
|
|a vLex Revistas (Servicio en ln̕ea)
|
| 856 |
4 |
0 |
|u http://vlex.com/source/inter-criminis-revista-ciencias-penales-22487
|z Acceso restringido
|
| 942 |
|
|
|c REV
|
| 999 |
0 |
|
|a Criminal law
|